| 000 | 00754nam a22001937a 4500 | ||
|---|---|---|---|
| 005 | 20250421112602.0 | ||
| 010 | _aHIN-129489 | ||
| 020 |
_c400.00 _a9789391004743 |
||
| 035 | _aHN-101835 | ||
| 037 | _bDBAD | ||
| 082 | _a658.15 | ||
| 100 |
_aगेरा, सुमन _980700 |
||
| 245 |
_aप्रबंधकीय निर्णयों के लिए लेखांकन/ _cसुमन गेरा _bMCO-5 |
||
| 260 |
_aदिल्ली _bनीरज पब्लिकेशन |
||
| 270 | _a1507, नई सड़क, दिल्ली-110006 | ||
| 300 |
_a272पृ.; _c24 सेमी (अजिल्द) |
||
| 700 |
_aसुमन गेरा _979574 |
||
| 942 |
_2ddc _cHN _h658.15 _mगेरासु |
||
| 999 |
_c210290 _d210290 |
||